[Event "63.ITA Provinciale VE"]
[Site "Venezia Canal"]
[Date "2003.01.25"]
[Round "2.3"]
[White "Velluti, Alberto"]
[Black "Trangoni, Bruno"]
[Result "0-1"]
[WhiteElo "1612"]
[BlackElo "1743"]
[Annotator "Gabriele Ballarin"]
[PlyCount "70"]
[EventDate "2003.01.24"]
[EventType "swiss"]
[EventRounds "5"]
[EventCountry "ITA"]
[SourceTitle "Inf 22"]

1. d4 f5 2. c4 Nf6 3. Nc3 g6 4. e3 Bg7 5. c5 d6 6. cxd6 cxd6 7. Nf3 O-O 8. Bc4+ d5 9. Bb3 Nc6 10. a3 e6 11. O-O Bd7 12. Ba2 Ne4 13. Bd2 Rc8 14. Rc1 g5 15. Be1 g4 16. Nd2 Qg5 17. Ne2 Be8 18. Nxe4 fxe4 19. Nf4 Bf7 20. b4 Nxd4 21. h4 Rxc1 22. Qxc1 Qxf4 23. Qd1 Nf3+ 24. Qxf3 Qxf3 25. gxf3 gxf3 26. Kh2 Be5+ 27. Kh3 Bg6 28. Rg1 Kf7 29. Rg5 Kf6 30. Rxe5 Kxe5 31. Kg4 Rc8 32. Bb3 Rc1 33. Bd2 Rg1+ 34. Kh3 Bf5+ 35. Kh2 Rg2+ 0-1

[Event "63.ITA Provinciale VE"]
[Site "Venezia Canal"]
[Date "2003.01.25"]
[Round "2.4"]
[White "Baracchi, Filippo"]
[Black "Roberti, Ignazio"]
[Result "1-0"]
[WhiteElo "1741"]
[BlackElo "2031"]
[Annotator "Gabriele Ballarin"]
[PlyCount "85"]
[EventDate "2003.01.24"]
[EventType "swiss"]
[EventRounds "5"]
[EventCountry "ITA"]
[SourceTitle "Inf 22"]

1. e4 c5 2. Nf3 Nf6 3. e5 Nd5 4. c3 Nc6 5. d4 cxd4 6. cxd4 e6 7. Nc3 Bb4 8. Bd2 Qa5 9. Qb3 O-O 10. Be2 b6 11. O-O Nce7 12. a3 Bxc3 13. bxc3 Nc6 14. c4 Nxd4 15. Nxd4 Qxd2 16. Rad1 Qf4 17. cxd5 Qxe5 18. Bf3 Bb7 19. Rfe1 Qf6 20. dxe6 Bxf3 21. exf7+ Rxf7 22. Qxf3 Qd8 23. Qb3 d5 24. Nc6 Qf6 25. Qxd5 Qxf2+ 26. Kh1 Raf8 27. Rf1 Qc5 28. Qxf7+ Rxf7 29. Rd8+ Rf8 30. Rfxf8+ Qxf8 31. Rxf8+ Kxf8 32. Nxa7 Kf7 33. Nc8 Ke6 34. Nxb6 Kd6 35. Nc4+ Kc5 36. Nd2 Kd4 37. a4 g6 38. a5 Kd5 39. Kg1 h6 40. Kf2 Kc5 41. Ke3 Kd5 42. Kf4 Kc5 43. Ke5 1-0

[Event "63.ITA Provinciale VE"]
[Site "Venezia Canal"]
[Date "2003.01.25"]
[Round "2.5"]
[White "Girardini, Davide"]
[Black "Marson, Luca"]
[Result "1-0"]
[WhiteElo "1600"]
[BlackElo "1729"]
[Annotator "Gabriele Ballarin"]
[PlyCount "121"]
[EventDate "2003.01.24"]
[EventType "swiss"]
[EventRounds "5"]
[EventCountry "ITA"]
[SourceTitle "Inf 22"]

1. d4 Nf6 2. c4 g6 3. Nc3 Bg7 4. e4 d6 5. Nf3 O-O 6. Be2 e5 7. d5 a5 8. O-O Nh5 9. Ne1 Nf4 10. Nd3 Nxd3 11. Bxd3 Na6 12. Na4 Bd7 13. Bc2 f5 14. f3 f4 15. Bd2 b6 16. a3 g5 17. b4 axb4 18. axb4 h5 19. Qe2 g4 20. Bb3 gxf3 21. gxf3 Bh3 22. Rfc1 Kh8 23. Kh1 Rg8 24. Rg1 Bf6 25. Nb2 Rxg1+ 26. Kxg1 Bh4 27. Kh1 Qg5 28. Rg1 Qf6 29. Nd3 Qf7 30. Bc3 Kh7 31. Bc2 Rg8 32. Qd1 Nb8 33. Rxg8 Qxg8 34. Qg1 Qxg1+ 35. Kxg1 Nd7 36. Nf2 Bxf2+ 37. Kxf2 Kg6 38. c5 bxc5 39. bxc5 dxc5 40. Ke2 Kf6 41. Kd3 Bf1+ 42. Kd2 Ke7 43. Ba4 Nb6 44. Bc6 Kd6 45. h4 Ke7 46. Ke1 Bg2 47. Kf2 Bxf3 48. Kxf3 Nc4 49. Bb5 Nd6 50. Ba4 Kf6 51. Bc2 Nb5 52. Bb2 Nd4+ 53. Bxd4 cxd4 54. Ke2 Ke7 55. Kd3 Kd6 56. Bd1 c6 57. dxc6 Kxc6 58. Bxh5 Kd6 59. Bf3 Ke6 60. h5 Kf6 61. Kc4 1-0

[Event "63.ITA Provinciale VE"]
[Site "Venezia Canal"]
[Date "2003.01.25"]
[Round "2.6"]
[White "Ballarin, Gabriele"]
[Black "Rorato, Giovanni"]
[Result "1-0"]
[WhiteElo "1639"]
[BlackElo "1500"]
[Annotator "Gabriele Ballarin"]
[PlyCount "79"]
[EventDate "2003.01.24"]
[EventType "swiss"]
[EventRounds "5"]
[EventCountry "ITA"]
[SourceTitle "Inf 22"]

1. e4 c5 2. Nf3 d6 3. d4 cxd4 4. Nxd4 Nf6 5. Nc3 a6 6. Be3 e6 7. Qd2 Be7 8. f3 Qc7 9. g4 Nc6 10. g5 Nd7 11. h4 b5 12. Bxb5 axb5 13. Ncxb5 Qb7 14. c4 Nce5 15. Qe2 Nb6 16. b3 Bd7 17. Kf2 Nc6 18. Rhb1 O-O 19. Nxc6 Bxc6 20. Nd4 Bd7 21. a4 d5 22. a5 Nc8 23. cxd5 exd5 24. a6 Qc7 25. Kg2 dxe4 26. fxe4 Qe5 27. b4 Qxe4+ 28. Nf3 Bg4 29. b5 Bc5 30. Rb3 Re8 31. Re1 Bxf3+ 32. Qxf3 Qxf3+ 33. Kxf3 Rxe3+ 34. Rexe3 Bxe3 35. Kxe3 Nb6 36. Kd4 Rc8 37. Rc3 Rd8+ 38. Kc5 Na4+ 39. Kb4 Rd4+ 40. Rc4 1-0

[Event "63.ITA Provinciale VE"]
[Site "Venezia Canal"]
[Date "2003.01.25"]
[Round "3.1"]
[White "Baracchi, Filippo"]
[Black "Rosino, Antonio"]
[Result "0-1"]
[WhiteElo "1741"]
[BlackElo "2275"]
[Annotator "Gabriele Ballarin"]
[PlyCount "84"]
[EventDate "2003.01.24"]
[EventType "swiss"]
[EventRounds "5"]
[EventCountry "ITA"]
[SourceTitle "Inf 22"]

1. e4 e5 2. Nc3 Nc6 3. Bc4 Nf6 4. d3 Bc5 5. f4 d6 6. Nf3 a6 7. fxe5 dxe5 8. Bg5 Qd6 9. h3 Na5 10. Bb3 Nxb3 11. axb3 O-O 12. Qe2 Nh5 13. Nd5 f6 14. Bh4 c6 15. g4 cxd5 16. gxh5 f5 17. O-O-O Qh6+ 18. Ng5 Be7 19. Rhg1 fxe4 20. dxe4 Rf4 21. Rxd5 Rxh4 22. Rxe5 Bxg5+ 23. Rexg5 Rxh3 24. Kb1 Rh1 25. Qc4+ Kh8 26. Rxh1 Qxg5 27. Qf7 Bg4 28. h6 gxh6 29. Qxb7 Rd8 30. Qxa6 h5 31. Qc4 Qe5 32. Qc6 Rc8 33. Qd5 Qxd5 34. exd5 Bf5 35. Rh2 h4 36. Kc1 h3 37. c4 Kg7 38. Kd2 Kf6 39. Kc3 Ke5 40. Rf2 Rg8 41. d6 Rg2 42. Rf1 h2 0-1

[Event "63.ITA Provinciale VE"]
[Site "Venezia Canal"]
[Date "2003.01.25"]
[Round "3.2"]
[White "Ballarin, Gabriele"]
[Black "Ribon, Andrea"]
[Result "1/2-1/2"]
[WhiteElo "1639"]
[BlackElo "1764"]
[Annotator "Gabriele Ballarin"]
[PlyCount "76"]
[EventDate "2003.01.24"]
[EventType "swiss"]
[EventRounds "5"]
[EventCountry "ITA"]
[SourceTitle "Inf 17"]

1. e4 c5 2. Nf3 Nc6 3. d4 cxd4 4. Nxd4 e6 5. Nb5 d6 6. Bf4 e5 7. Be3 Nf6 8. Bg5 a6 9. Bxf6 gxf6 10. N5c3 f5 11. Bd3 f4 12. Nd5 Bg7 13. Na3 O-O 14. Nc4 f5 15. Ncb6 fxe4 16. Bxe4 Bf5 17. Bxf5 Rxf5 18. Nxa8 Qxa8 19. c3 Qf8 20. Qb3 Qf7 21. O-O-O Kh8 22. f3 b5 23. Qa3 b4 24. Nxb4 Nxb4 25. Qxb4 Qxa2 26. Kc2 e4 27. Rxd6 Rf8 28. fxe4 Rc8 29. Qb3 Rxc3+ 30. Qxc3 Bxc3 31. Kxc3 Qa5+ 32. Kd4 Qd2+ 33. Ke5 Qxb2+ 34. Kf5 Qxg2 35. Rhd1 Qh3+ 36. Kxf4 Qxh2+ 37. Kf5 Qh3+ 38. Ke5 Qg3+ 1/2-1/2

[Event "63.ITA Provinciale VE"]
[Site "Venezia Canal"]
[Date "2003.01.25"]
[Round "3.3"]
[White "Trangoni, Bruno"]
[Black "Girardini, Davide"]
[Result "1-0"]
[WhiteElo "1743"]
[BlackElo "1600"]
[Annotator "Gabriele Ballarin"]
[PlyCount "109"]
[EventDate "2003.01.24"]
[EventType "swiss"]
[EventRounds "5"]
[EventCountry "ITA"]
[SourceTitle "Inf 22"]

1. f4 f5 2. e4 fxe4 3. d3 exd3 4. Bxd3 d6 5. Qh5+ Kd7 6. Bf5+ e6 7. Qf7+ Qe7 8. Bxe6+ Kd8 9. Qxe7+ Bxe7 10. Bb3 Nc6 11. Ne2 Bg4 12. Nbc3 Nh6 13. O-O Rf8 14. h3 Bh5 15. Be3 Kd7 16. Nd4 Nxd4 17. Bxd4 Nf5 18. Bf2 Bf7 19. Nd5 Bh4 20. Bxh4 Nxh4 21. c4 Rae8 22. Nc3 Re7 23. f5 Bg8 24. Bc2 Re5 25. Rf4 g5 26. Rg4 h6 27. Rf1 Ke7 28. g3 Nxf5 29. Bxf5 Rfxf5 30. Rxf5 Rxf5 31. Nb5 c6 32. Nd4 Re5 33. Nf3 Be6 34. Nxe5 dxe5 35. Re4 Kd6 36. g4 Bf7 37. Kf2 b6 38. b3 Bg6 39. Re1 Ke6 40. Kf3 Kd6 41. Rf1 Ke7 42. Rd1 Bh7 43. h4 Bg6 44. hxg5 hxg5 45. b4 Bf7 46. c5 Bxa2 47. Ra1 bxc5 48. Rxa2 cxb4 49. Rxa7+ Kd6 50. Ke4 Kc5 51. Kxe5 b3 52. Rb7 Kc4 53. Kd6 Kc3 54. Kxc6 b2 55. Kd5 1-0

[Event "63.ITA Provinciale VE"]
[Site "Venezia Canal"]
[Date "2003.01.25"]
[Round "3.4"]
[White "Rorato, Giovanni"]
[Black "Marson, Luca"]
[Result "1-0"]
[WhiteElo "1500"]
[BlackElo "1729"]
[Annotator "Gabriele Ballarin"]
[PlyCount "81"]
[EventDate "2003.01.24"]
[EventType "swiss"]
[EventRounds "5"]
[EventCountry "ITA"]
[SourceTitle "Inf 22"]

1. e4 c5 2. Nf3 d6 3. d4 cxd4 4. Nxd4 Nf6 5. Nc3 a6 6. Bc4 e6 7. Bb3 b5 8. Be3 Bb7 9. f3 Nbd7 10. a3 Rc8 11. Qe2 Nc5 12. Ba2 Rg8 13. O-O-O Qa5 14. Nb3 Nxb3+ 15. Bxb3 g5 16. Qf2 Nd7 17. Rhf1 d5 18. Nb1 Nc5 19. Bxc5 Bxc5 20. Qe2 d4 21. h3 Qb6 22. f4 Rd8 23. f5 e5 24. Qh5 Qf6 25. Qxh7 Rh8 26. Bxf7+ Ke7 27. Qg6 Qxf7 28. f6+ Ke8 29. Qf5 Bd6 30. Nd2 Bc8 31. Qxg5 Rg8 32. Qh4 Be6 33. g4 Rc8 34. Nf3 Bb3 35. Rf2 Ba2 36. Ng5 Qc7 37. f7+ Bxf7 38. Nxf7 Be7 39. Qh5 Qb6 40. Nd6+ Kd7 41. Nxc8 1-0

[Event "63.ITA Provinciale VE"]
[Site "Venezia Canal"]
[Date "2003.01.25"]
[Round "3.5"]
[White "Zangrando, Gianpietro"]
[Black "Alviti, Claudio"]
[Result "0-1"]
[WhiteElo "1638"]
[BlackElo "1500"]
[Annotator "Gabriele Ballarin"]
[PlyCount "130"]
[EventDate "2003.01.24"]
[EventType "swiss"]
[EventRounds "5"]
[EventCountry "ITA"]
[SourceTitle "Inf 22"]

1. d4 Nf6 2. Nf3 e6 3. Bg5 Be7 4. e3 b6 5. Bd3 Bb7 6. Nbd2 d6 7. c3 Nbd7 8. Qc2 a5 9. O-O h6 10. Bh4 O-O 11. e4 Nh5 12. Bg3 Nxg3 13. fxg3 Qc8 14. Rae1 e5 15. Nc4 Bf6 16. Ne3 exd4 17. cxd4 c5 18. Nf5 Qc7 19. Qd2 cxd4 20. Nxh6+ Kh8 21. Nf5 Ne5 22. Nxe5 dxe5 23. g4 Qd8 24. Qf2 Bg5 25. h4 Bf4 26. g3 Be3 27. Nxe3 dxe3 28. Rxe3 Qd4 29. Rf3 Rad8 30. Qxd4 Rxd4 31. Re3 Rfd8 32. Bc2 Rd2 33. Rf2 Rxf2 34. Kxf2 Ba6 35. Ke1 f6 36. Bb3 Rd4 37. Be6 Kh7 38. h5 Kh6 39. Bf5 Bc4 40. b3 Bd3 41. Kf2 Bb1 42. a3 Kg5 43. Re1 Bc2 44. Re3 Bd1 45. Rc3 Bxg4 46. Rc7 Bxf5 47. exf5 Kh6 48. Ke3 Rd8 49. g4 Rd5 50. a4 Rc5 51. Rb7 Rc3+ 52. Ke4 Rxb3 53. Kd5 Rb4 54. Rb8 Rxg4 55. Rh8+ Kg5 56. Ke6 Rxa4 57. Rh7 Rc4 58. Rxg7+ Kxh5 59. Kxf6 Rc6+ 60. Kxe5 Rc5+ 61. Ke6 Rc6+ 62. Kf7 Rc7+ 63. Kg8 Rc8+ 64. Kh7 Rf8 65. Rb7 Rf6 0-1

[Event "63.ITA Provinciale VE"]
[Site "Venezia Canal"]
[Date "2003.01.25"]
[Round "3.6"]
[White "Assan, Ju"]
[Black "Velluti, Alberto"]
[Result "0-1"]
[WhiteElo "1500"]
[BlackElo "1612"]
[Annotator "Gabriele Ballarin"]
[PlyCount "64"]
[EventDate "2003.01.24"]
[EventType "swiss"]
[EventRounds "5"]
[EventCountry "ITA"]
[SourceTitle "Inf 22"]

1. c4 e5 2. Nc3 c6 3. Nf3 d6 4. g3 Nf6 5. d3 Be7 6. Bg2 O-O 7. O-O h6 8. a3 Be6 9. b3 Nbd7 10. Bb2 Rb8 11. Rb1 b5 12. Nd2 d5 13. cxb5 d4 14. Nce4 cxb5 15. Nxf6+ Nxf6 16. Ne4 Nxe4 17. Bxe4 Bh3 18. Bg2 Bxg2 19. Kxg2 Rc8 20. Rc1 Rxc1 21. Bxc1 Qd5+ 22. f3 Rc8 23. Bb2 Qc6 24. Qa1 Qc2 25. Bxd4 exd4 26. Qxd4 Bc5 27. Qa1 Qxe2+ 28. Kh3 Qxd3 29. b4 Bd4 30. Qd1 Qf5+ 31. g4 Qf4 32. Qe2 h5 0-1

[Event "63.ITA Provinciale VE"]
[Site "Venezia Canal"]
[Date "2003.01.26"]
[Round "4.1"]
[White "Rosino, Antonio"]
[Black "Trangoni, Bruno"]
[Result "1-0"]
[WhiteElo "2275"]
[BlackElo "1743"]
[Annotator "Gabriele Ballarin"]
[PlyCount "125"]
[EventDate "2003.01.24"]
[EventType "swiss"]
[EventRounds "5"]
[EventCountry "ITA"]
[SourceTitle "Inf 22"]

1. e4 e5 2. Nf3 Nc6 3. Bc4 Nf6 4. Ng5 d5 5. exd5 Nd4 6. c3 b5 7. Bf1 Nxd5 8. Ne4 Qh4 9. Ng3 Bg4 10. f3 e4 11. cxd4 Bd6 12. Bxb5+ Kd8 13. O-O exf3 14. Rxf3 Bxf3 15. Qxf3 Qxd4+ 16. Kh1 Rb8 17. Nc3 Nb4 18. d3 Qe5 19. Bd2 Nc2 20. Qc6 Rxb5 21. Nxb5 Nxa1 22. Nxd6 Qxd6 23. Bg5+ f6 24. Qa8+ Kd7 25. Qxh8 fxg5 26. Qxg7+ Kc8 27. Qh8+ Kb7 28. Qxh7 Nc2 29. Qe4+ Kb6 30. a3 Qc5 31. Qe6+ Kb7 32. h3 a5 33. Qf5 Qb6 34. Qxg5 Qxb2 35. Qxa5 Qc1+ 36. Kh2 Nxa3 37. Qb4+ Kc8 38. Nf5 Nc2 39. Qe4 Ne1 40. Ne7+ Kd7 41. Nd5 Qd2 42. d4 Qf2 43. Qe7+ Kc6 44. Qc5+ Kd7 45. Qxc7+ Ke6 46. Qe5+ Kd7 47. Qc7+ Ke6 48. Nf4+ Kf6 49. Qe5+ Kf7 50. Qf5+ Ke8 51. Qe4+ Kd7 52. d5 Qd2 53. Ng6 Qf2 54. Ne5+ Kd6 55. Nd3 Nxd3 56. Qxd3 Qf7 57. Qe4 Qg7 58. Qe6+ Kc5 59. Qc6+ Kd4 60. Qe6 Qg5 61. Qg4+ Qxg4 62. hxg4 Kxd5 63. Kg3 1-0

[Event "63.ITA Provinciale VE"]
[Site "Venezia Canal"]
[Date "2003.01.26"]
[Round "4.2"]
[White "Ribon, Andrea"]
[Black "Baracchi, Filippo"]
[Result "1/2-1/2"]
[WhiteElo "1764"]
[BlackElo "1741"]
[Annotator "Gabriele Ballarin"]
[PlyCount "65"]
[EventDate "2003.01.24"]
[EventType "swiss"]
[EventRounds "5"]
[EventCountry "ITA"]
[SourceTitle "Inf 22"]

1. c4 Nf6 2. Nc3 g6 3. e4 d6 4. d4 Bg7 5. Nf3 O-O 6. Be2 Nbd7 7. Be3 e5 8. O-O Re8 9. d5 a5 10. Ne1 Rf8 11. Nd3 Ne8 12. c5 Nxc5 13. Nxc5 dxc5 14. Bxc5 Nd6 15. Rc1 f5 16. f3 b6 17. Be3 Bd7 18. a4 Rf7 19. Qb3 Bf8 20. Kh1 Nb7 21. Rfd1 Bc5 22. Nb5 Be8 23. d6 Bxb5 24. dxc7 Qxc7 25. Bxb5 Kh8 26. exf5 gxf5 27. Bxc5 Nxc5 28. Qe3 e4 29. Qd4+ Rg7 30. fxe4 fxe4 31. Qf6 Qf7 32. Qxb6 Qf2 33. Rc2 1/2-1/2

[Event "63.ITA Provinciale VE"]
[Site "Venezia Canal"]
[Date "2003.01.26"]
[Round "4.3"]
[White "Velluti, Alberto"]
[Black "Ballarin, Gabriele"]
[Result "1/2-1/2"]
[WhiteElo "1612"]
[BlackElo "1639"]
[Annotator "Gabriele Ballarin"]
[PlyCount "38"]
[EventDate "2003.01.24"]
[EventType "swiss"]
[EventRounds "5"]
[EventCountry "ITA"]
[SourceTitle "Inf 17"]

1. e4 c5 2. Nf3 Nc6 3. d4 cxd4 4. Nxd4 e5 5. Nb5 a6 6. Nd6+ Bxd6 7. Qxd6 Qf6 8. Qxf6 Nxf6 9. f3 d5 10. Bg5 dxe4 11. Bxf6 gxf6 12. fxe4 Bg4 13. h3 Bh5 14. Nc3 Ne7 15. g4 Bg6 16. O-O-O Rd8 17. Bd3 h5 18. Rdf1 Rd6 19. a3 Kd7 1/2-1/2

[Event "63.ITA Provinciale VE"]
[Site "Venezia Canal"]
[Date "2003.01.26"]
[Round "4.4"]
[White "Rorato, Giovanni"]
[Black "Angelini, Francesco"]
[Result "1-0"]
[WhiteElo "1500"]
[BlackElo "1600"]
[Annotator "Gabriele Ballarin"]
[PlyCount "107"]
[EventDate "2003.01.24"]
[EventType "swiss"]
[EventRounds "5"]
[EventCountry "ITA"]
[SourceTitle "Inf 22"]

1. e4 e6 2. d4 d5 3. Nc3 Bb4 4. a3 Bxc3+ 5. bxc3 dxe4 6. Qg4 Nf6 7. Qxg7 Rg8 8. Qh6 Rg6 9. Qd2 Ng4 10. Nh3 e3 11. fxe3 Nd7 12. Bb2 Ndf6 13. Bd3 Rg7 14. e4 e5 15. O-O-O Qe7 16. Nf2 Nxf2 17. Qxf2 Ng4 18. Qd2 Qg5 19. Qxg5 Rxg5 20. g3 Nf2 21. Rhf1 Nxd1 22. Kxd1 Bh3 23. Rf2 Bg4+ 24. Ke1 Bh5 25. Bc1 Rg8 26. Rf5 Bg6 27. Rxe5+ Kd7 28. Be2 Rae8 29. Bg4+ Kc6 30. Rc5+ Kb6 31. e5 f6 32. a4 a6 33. Bf4 Bxc2 34. a5+ Ka7 35. Kd2 Rxg4 36. Kxc2 fxe5 37. Bxe5 c6 38. Bf4 Re2+ 39. Kd3 Rxh2 40. Rf5 Rg8 41. Kc4 h5 42. Be3 Re2 43. Bf4 Rh2 44. g4 Rh1 45. gxh5 Rd8 46. h6 Rd5 47. Rxd5 cxd5+ 48. Kxd5 Rh5+ 49. Ke6 Rxa5 50. Be5 Ra1 51. h7 Rh1 52. h8=Q Rxh8 53. Bxh8 Kb6 54. d5 1-0

[Event "63.ITA Provinciale VE"]
[Site "Venezia Canal"]
[Date "2003.01.26"]
[Round "4.6"]
[White "Alviti, Claudio"]
[Black "Tonolo, Maurizio"]
[Result "1/2-1/2"]
[WhiteElo "1500"]
[BlackElo "1600"]
[Annotator "Gabriele Ballarin"]
[PlyCount "53"]
[EventDate "2003.01.24"]
[EventType "swiss"]
[EventRounds "5"]
[EventCountry "ITA"]
[SourceTitle "Inf 22"]

1. e4 e6 2. d4 d5 3. e5 c5 4. c3 b6 5. Nf3 Qd7 6. Be2 Ba6 7. Bxa6 Nxa6 8. Be3 Ne7 9. Qe2 c4 10. Na3 Nf5 11. Nc2 b5 12. O-O b4 13. Rfb1 Nxe3 14. Nxe3 Nc7 15. b3 Nb5 16. Nd1 Na3 17. Rc1 Be7 18. cxb4 Bxb4 19. Ne3 cxb3 20. axb3 a5 21. Nc2 Nxc2 22. Rxc2 O-O 23. Qd3 h6 24. Rac1 Rfc8 25. h3 Rxc2 26. Rxc2 Rc8 27. Kf1 1/2-1/2

[Event "63.ITA Provinciale VE"]
[Site "Venezia Canal"]
[Date "2003.01.26"]
[Round "4.8"]
[White "Marson, Luca"]
[Black "Assan, Ju"]
[Result "1-0"]
[WhiteElo "1729"]
[BlackElo "1500"]
[Annotator "Gabriele Ballarin"]
[PlyCount "89"]
[EventDate "2003.01.24"]
[EventType "swiss"]
[EventRounds "5"]
[EventCountry "ITA"]
[SourceTitle "Inf 22"]

1. e4 c5 2. Nf3 d6 3. d4 cxd4 4. Nxd4 Nf6 5. Nc3 g6 6. Be3 Bg7 7. Qd2 O-O 8. f3 Nc6 9. Bc4 Bd7 10. O-O-O Qa5 11. Nb3 Qb4 12. Qe2 Na5 13. Nxa5 Qxa5 14. g4 Rfc8 15. Bb3 Rxc3 16. bxc3 Qxc3 17. Bd4 Bh6+ 18. Kb1 Qb4 19. h4 Bg7 20. Qd2 Qxd2 21. Rxd2 Bc6 22. h5 g5 23. h6 Bh8 24. Be3 Nd7 25. Bxg5 Kf8 26. Be3 Ne5 27. Rh3 Ng6 28. Rh5 Bf6 29. Bd5 Bxd5 30. Rdxd5 b6 31. f4 Rc8 32. e5 dxe5 33. fxe5 e6 34. Rd7 Nxe5 35. Rxa7 Nc4 36. Bc1 Be7 37. Rh3 Ne5 38. g5 Ng6 39. Ba3 Bc5 40. Rc3 Ke8 41. Bxc5 bxc5 42. Rb3 e5 43. Rbb7 e4 44. Rxf7 e3 45. Rf3 1-0

[Event "63.ITA Provinciale VE"]
[Site "Venezia Canal"]
[Date "2003.01.26"]
[Round "4.9"]
[White "Lanzetta, Alberto"]
[Black "Zangrando, Gianpietro"]
[Result "0-1"]
[WhiteElo "1458"]
[BlackElo "1638"]
[Annotator "Gabriele Ballarin"]
[PlyCount "122"]
[EventDate "2003.01.24"]
[EventType "swiss"]
[EventRounds "5"]
[EventCountry "ITA"]
[SourceTitle "Inf 22"]

1. d4 d5 2. c4 e6 3. Nc3 Nf6 4. Nf3 c6 5. a3 a5 6. Bf4 dxc4 7. e4 b5 8. g3 Be7 9. Bg2 Ra7 10. O-O O-O 11. Bxb8 Rd7 12. Bf4 c5 13. Nxb5 Ba6 14. a4 Bxb5 15. axb5 cxd4 16. Ne5 Rb7 17. Nc6 Qb6 18. Nxd4 Rd8 19. Be3 Bc5 20. e5 Nd5 21. Qg4 Nxe3 22. fxe3 Bxd4 23. exd4 Rxd4 24. Qf3 Rf4+ 25. Kh1 Rxf3 26. Bxf3 Rd7 27. Bc6 Rd2 28. Rf3 Rf2 29. Rxa5 Qxa5 30. Rxf2 Qe1+ 31. Kg2 Qe3 32. Be8 Qxe5 33. Bxf7+ Kf8 34. Bxe6+ Ke7 35. Bg8 h6 36. b6 Qe4+ 37. Kh3 Ke8 38. Rf7 Qe6+ 39. Kg2 Qxb6 40. Rf2 Qd4 41. Bf7+ Ke7 42. h4 Kd6 43. g4 Kc5 44. Rf5+ Kb4 45. Rf2 Qe4+ 46. Kg3 Qe1 47. Kg2 Kc5 48. Bg6 Kd4 49. Rf4+ Kc5 50. Rf2 Qe6 51. Bf5 Qc6+ 52. Kg3 g5 53. hxg5 hxg5 54. Re2 Qd6+ 55. Kg2 Qf4 56. Rf2 Qd4 57. Re2 Kb4 58. Be4 Qd1 59. Bf3 Qd3 60. Kf2 Qd4+ 61. Kg2 Qd3 0-1

[Event "63.ITA Provinciale VE"]
[Site "Venezia Canal"]
[Date "2003.01.26"]
[Round "5.1"]
[White "Ribon, Andrea"]
[Black "Rosino, Antonio"]
[Result "0-1"]
[WhiteElo "1764"]
[BlackElo "2275"]
[Annotator "Gabriele Ballarin"]
[PlyCount "48"]
[EventDate "2003.01.24"]
[EventType "swiss"]
[EventRounds "5"]
[EventCountry "ITA"]
[SourceTitle "Inf 22"]

1. c4 e5 2. Nc3 Nf6 3. Nf3 Nc6 4. g3 g6 5. Bg2 Bg7 6. O-O O-O 7. d4 exd4 8. Nxd4 Re8 9. Nxc6 bxc6 10. Qa4 Qe7 11. Rd1 Qc5 12. h3 Bb7 13. Rd3 a5 14. Be3 Qb4 15. a3 Qxa4 16. Nxa4 d6 17. c5 d5 18. Nc3 Ba6 19. Rd2 Nd7 20. Rc1 Rab8 21. Bf1 Ne5 22. Nd1 Nc4 23. Rdc2 Nxb2 24. Nxb2 Bxb2 0-1

[Event "63.ITA Provinciale VE"]
[Site "Venezia Canal"]
[Date "2003.01.26"]
[Round "5.2"]
[White "Baracchi, Filippo"]
[Black "Ballarin, Gabriele"]
[Result "1/2-1/2"]
[WhiteElo "1741"]
[BlackElo "1639"]
[Annotator "Gabriele Ballarin"]
[PlyCount "50"]
[EventDate "2003.01.24"]
[EventType "swiss"]
[EventRounds "5"]
[EventCountry "ITA"]
[SourceTitle "Inf 17"]

1. e4 e6 2. b3 c5 3. Bb2 Nc6 4. f4 Nge7 5. Nf3 d5 6. exd5 exd5 7. Be2 Bf5 8. O-O Qc7 9. Nh4 O-O-O 10. Nxf5 Nxf5 11. Bg4 Nce7 12. Nc3 f6 13. d4 Kb8 14. Nb5 Qb6 15. Qd3 c4 16. Qh3 Qxb5 17. Bxf5 Nxf5 18. Qxf5 Bd6 19. a4 Qc6 20. Ba3 Bxa3 21. Rxa3 Qb6 22. Rd1 g6 23. Qh3 Rde8 24. Qc3 Rc8 25. b4 Rhe8 1/2-1/2

[Event "63.ITA Provinciale VE"]
[Site "Venezia Canal"]
[Date "2003.01.26"]
[Round "5.3"]
[White "Trangoni, Bruno"]
[Black "Rorato, Giovanni"]
[Result "1-0"]
[WhiteElo "1743"]
[BlackElo "1500"]
[Annotator "Gabriele Ballarin"]
[PlyCount "53"]
[EventDate "2003.01.24"]
[EventType "swiss"]
[EventRounds "5"]
[EventCountry "ITA"]
[SourceTitle "Inf 22"]

1. f4 d5 2. Nf3 Nf6 3. e3 c5 4. Bb5+ Bd7 5. a4 a6 6. Bxd7+ Nbxd7 7. b3 Qc7 8. Bb2 e6 9. O-O Bd6 10. d3 O-O-O 11. Nbd2 h6 12. c4 Rhg8 13. b4 Kb8 14. bxc5 Nxc5 15. Ne5 Ka8 16. d4 Nce4 17. c5 Bxe5 18. fxe5 Nxd2 19. Qxd2 Ne4 20. Qd3 f6 21. Rfc1 Qc6 22. Ba3 fxe5 23. Rab1 Rc8 24. Rb6 Qxa4 25. c6 Kb8 26. Rxb7+ Ka8 27. Rb6 1-0

[Event "63.ITA Provinciale VE"]
[Site "Venezia Canal"]
[Date "2003.01.26"]
[Round "5.4"]
[White "Tonolo, Maurizio"]
[Black "Velluti, Alberto"]
[Result "1-0"]
[WhiteElo "1600"]
[BlackElo "1612"]
[Annotator "Gabriele Ballarin"]
[PlyCount "73"]
[EventDate "2003.01.24"]
[EventType "swiss"]
[EventRounds "5"]
[EventCountry "ITA"]
[SourceTitle "Inf 22"]

1. Nf3 Nf6 2. c4 d6 3. d4 Bf5 4. Nc3 e6 5. Bg5 Be7 6. e3 Nc6 7. Be2 h6 8. Bxf6 Bxf6 9. O-O O-O 10. Bd3 Bg4 11. Be2 Re8 12. Rc1 e5 13. d5 Ne7 14. Ne4 Ng6 15. b4 Be7 16. h3 Bd7 17. c5 f5 18. Ng3 f4 19. Ne4 fxe3 20. fxe3 Bf5 21. Bd3 Rf8 22. Ng3 Bxd3 23. Qxd3 Qe8 24. Qc4 Kh8 25. Ne4 Rc8 26. Rc2 b6 27. Qa6 Qf7 28. cxd6 Bf6 29. Qb7 Bg5 30. Rxc7 Bxe3+ 31. Kh1 Rxc7 32. dxc7 Ne7 33. Nd6 Qf4 34. c8=Q Nxc8 35. Nxc8 e4 36. Ne7 Qg3 37. Nh2 1-0

[Event "63.ITA Provinciale VE"]
[Site "Venezia Canal"]
[Date "2003.01.26"]
[Round "5.5"]
[White "Alviti, Claudio"]
[Black "Girardini, Davide"]
[Result "0-1"]
[WhiteElo "1500"]
[BlackElo "1600"]
[Annotator "Gabriele Ballarin"]
[PlyCount "110"]
[EventDate "2003.01.24"]
[EventType "swiss"]
[EventRounds "5"]
[EventCountry "ITA"]
[SourceTitle "Inf 22"]

1. e4 c5 2. c3 e6 3. d4 d5 4. e5 Qb6 5. Nf3 Nc6 6. Bd3 Bd7 7. Be3 c4 8. Be2 Qxb2 9. O-O Nge7 10. Qd2 Qxd2 11. Bxd2 Ng6 12. Bg5 Be7 13. Bxe7 Kxe7 14. Na3 f6 15. Rab1 b6 16. exf6+ gxf6 17. Bd1 Rab8 18. Re1 a6 19. Nc2 Rb7 20. Ne3 Kf7 21. Nc2 Rhb8 22. a3 b5 23. Nb4 Rb6 24. Re2 a5 25. Nxc6 Bxc6 26. Reb2 Nf4 27. Ne1 e5 28. g3 Nd3 29. Nxd3 cxd3 30. dxe5 fxe5 31. Kf1 Bd7 32. Bb3 Be6 33. Ba4 Bd7 34. Ke1 Ke6 35. Kd2 e4 36. Ke3 Ke5 37. f4+ Kd6 38. Kd4 d2 39. Bd1 Rc8 40. Be2 e3 41. Kxe3 Bf5 42. Rxb5 Rxb5 43. Rxb5 Rxc3+ 44. Kxd2 Rxa3 45. Rb2 a4 46. Bd1 Kc5 47. Bc2 Be4 48. f5 Rf3 49. Bxe4 Rf2+ 50. Kc3 Rxb2 51. Kxb2 dxe4 52. f6 Kd6 53. Ka3 e3 54. f7 Ke7 55. Kxa4 e2 0-1

[Event "63.ITA Provinciale VE"]
[Site "Venezia Canal"]
[Date "2003.01.26"]
[Round "5.7"]
[White "Angelini, Francesco"]
[Black "Marson, Luca"]
[Result "1-0"]
[WhiteElo "1600"]
[BlackElo "1729"]
[Annotator "Gabriele Ballarin"]
[PlyCount "75"]
[EventDate "2003.01.24"]
[EventType "swiss"]
[EventRounds "5"]
[EventCountry "ITA"]
[SourceTitle "Inf 22"]

1. f4 d5 2. Nf3 Nf6 3. e3 Bg4 4. Be2 Nc6 5. d4 e6 6. c3 Be7 7. O-O Ne4 8. Nbd2 Nxd2 9. Bxd2 f6 10. Ne1 Bxe2 11. Qxe2 O-O 12. e4 f5 13. e5 Na5 14. Nd3 b6 15. Rf3 c5 16. Rh3 Qe8 17. g4 g6 18. gxf5 gxf5 19. Kh1 Kh8 20. Rh6 Qf7 21. dxc5 bxc5 22. Be3 Nb7 23. Nf2 c4 24. Rg1 Rg8 25. Rd1 Qg7 26. Ng4 fxg4 27. Rxe6 Qf7 28. Rxe7 Qxe7 29. Bd4 h5 30. e6+ Kh7 31. Qe5 Qg7 32. Qxd5 Rad8 33. Qe4+ Qg6 34. f5 Qe8 35. f6+ Rg6 36. Qxb7+ Kh6 37. Be3+ Rg5 38. Qg7# 1-0